Finish the Historical Event Quiz Stats

 Plays Quiz Updated Jun 17, 2019

Score 0/20 Timer 05:00
2,132 Plays Today
Question Answer Wrong Answers
1347-1351
____ Death
Black
97%
Red
2.2%
Green
0.2%
Blue
0.2%
1773
Boston ____ Party
Tea
96.9%
Coffee
2.7%
Orange Juice
0.1%
Grapefruit Juice
0.2%
1990-1991
Operation ____ Storm
Desert
96.7%
Ocean
1.4%
Forest
0.5%
Neighbourhood
0.4%
1969
First ____ Landing
Moon
93.9%
Earth
2%
Neptune
0.5%
Sun
0.5%
1054
East–____ Schism
West
92.8%
East
1.9%
North
1.9%
South
2.4%
1861
First Battle of ____ Run
Bull
86%
Horse
2.8%
Turkey
7.5%
Leopard
1.3%
1803
____ Purchase
Louisiana
83.1%
California
5.3%
Florida
4.6%
Oregon
6.6%
1978
Camp ____ Accords
David Letterman
78.3%
Jimmy Fallon
6%
Jay Leno
7.2%
Conan O'Brien
6.1%
2010-2012
Arab ____
Spring
77%
Summer
8.1%
Winter
7.2%
Autumn
5.5%
1925
Scopes ____ Trial
Monkey
75.9%
Squirrel
5.5%
Kangaroo
14.3%
Koala
3.3%
2004
____ Day Tsunamis
Boxing
75.7%
Tennis
4.2%
Golf
10.3%
Rugby
7.9%
1876
Battle of the Little ____
Bighorn
72.8%
Moose
9.4%
Bear
13.6%
Tiger
3%
1791-1794
____ Rebellion
Whiskey
66.8%
Gin
9.8%
Tequila
5.7%
Rum
15.9%
1605
____ Plot
Gunpowder
65.9%
Salsa
7.3%
Mustard
14.8%
Sand
8.8%
1527
____ of Rome
Sack
63.3%
Tub
17.2%
Hammer
10.9%
Shovel
5.3%
1930
____ March
Salt
62.2%
Pepper
9.8%
Sugar
16.9%
Chili Flakes
8.4%
1995
Million ____ March
Man
60.6%
Woman
19.8%
Toddler
16%
Child
2.5%
206 BCE–220 CE
____ Dynasty
Han Solo
60.5%
Kylo Ren
13.5%
Rey
11.8%
Mace Windu
12.6%
1957
Launching of ____
Sputnik
52%
UFO
1.8%
GOES Synchronous Meteorological Satellite
25.8%
SpaceX Crew Dragon
17.6%
1917
Battle of Vimy ____
Ridge
46.6%
Crater
11.8%
Trail
12.9%
Island
26.4%

You're not logged in!

Compare scores with friends on all Sporcle quizzes.
OR
Log In

Show Comments

Extras

Top Quizzes Today


Score Distribution

Your Account Isn't Verified!

In order to create a playlist on Sporcle, you need to verify the email address you used during registration. Go to your Sporcle Settings to finish the process.

Report this User

Report this user for behavior that violates our Community Guidelines.

Details: